00477nam a2200193 a 4500001001300000003000900013005001700022008004100039020002300080082002000103100001900123245001800142260002400160300000900184500003500193505001000228650002600238700001900264nice12345678IN_TiNIC20260116013223.0050524s1995 gena grp 000 0 eng  a2825442 c85200a305.480201bORT aOrtega, Ofelia aWomen` Vision aGeneva bWCC c1995 a182p aincludes index and biblioraphy2 aIndex aWomen in Christianity1 aOrtega, Ofelia